zpět

Detail výsledku týmu

Hostinec Všerad, Všeradice

Datum a čas kvízu

31 Celkem bodů Celkový počet nahraných bodů na tomto kvízu bez doplňovacích otázek.
6. Pořadí na kvízu Konečné umístění týmu na tomto kvízu.

Zaznamenané odpovědi

# Otázka Odpověď Body Výsledky
1. Ve středu ve 12 hodin jsme se... zkouška sirén 1
2. Ruské úřady zadržely tři školá... C) sněhovými koulemi uhasili věčný oheň u památníku 0
3. Ve čtvrtek měl v českých kinec... Nosferatu 0
4. Ve čtvrtek byla v pražských Št... Lidl 1
5. V neděli byl oficiálně oznámen... SK Slavia Praha, Tottenham Hotspur FC 1
6. Z historie se zdá, že Američan... Dwight Eisenhower 0
7. Kterou vysokou školu vystudova... D 1
8. Pod kterým uměleckým pseudonym... Vin Diesel 0
9. Při udílení Oscarů v roce 2022... Will Smith 1
10. „Jak vykrást banku“ je francou... Václav Faltus; František Filipovský 1